| 000 | 00570nam a22001937a 4500 | ||
|---|---|---|---|
| 003 | OSt | ||
| 005 | 20260126084819.0 | ||
| 008 | 260126b |||||||| |||| 00| 0 eng d | ||
| 020 | _a1-57318-222-2 | ||
| 040 |
_aDWC-Main lib. _cOC |
||
| 082 | _aFic. H862w 2001 | ||
| 100 | _aHubbard, R. Ron | ||
| 245 |
_aWriters of the future, volume 17/ _cR. Rob Hubbard |
||
| 260 |
_aLos Angeles, CA : _bBridge Pub., _cc2001 |
||
| 300 |
_a441 p. ; _c18 cm. |
||
| 650 | _a1. Fantasy fiction, American | ||
| 650 | _a2. Science fiction, American | ||
| 942 |
_2ddc _cFIC. _hFic. _n0 |
||
| 999 |
_c7835 _d7835 |
||